000 00630nam a2200193Ia 4500
003 IN-BaIIA
008 211028s9999 xx 000 0 eng d
020 _a0-306-17181-3
040 _cIIA Library
080 _a533
_bMIK-1
100 _aMikhailovskii, A. B
_910854
245 0 _aTheory of plasma instabilities
_bvol. 1, instabilities of a homogeneous plasma
_cA. B. Mikhailovskii
260 _aNew York
_bConsultants Bureau
_c1974
300 _axviii, 289p.
650 _aAstronomy and astrophysics thesaurus
650 _aPlasma physics
_93732
650 _aPlasmas
_91898
942 _cBK
999 _c6326
_d6326